00930nam a2200241 i 4500001000700000003000900007005001700016007000300033008004100036130002500077245011200102260003100214300002600245490006400271490003500335500004600370546008600416700003000502700003000532830006400562830003500626852002700661189767ES-MaACL20230906223541.0t|191017s1974 sp ||||1| spa d0 aMe-am loez. pEster.10aMe'am lo'ez, Ester / cde Rafael Hiyah ; instroducción, notas y apéndices por Pascual Pascual Recuero. aMadrid : bGredos, c1974. a490, 49 p. ; c25 cm.1 aMe'am lo'ez : el gran comentario bíblico sefardí ; v131 aBiblioteca universal sefardí aPublicaciones del Instituto Ibn Tibbón. aTexto en ladino y traducción al español; introducción y notas en español.1 aPascual Recuero, Pascual.1 aPontremoli, Raphael Hiya.0 aMe'am lo'ez : el gran comentario bíblico sefardí ; v130 aBiblioteca universal sefardí aES-MaACLjP-1010-Bis-4